Roman cities in France - Statistics

General Stats
  • This quiz has been taken 109 times
  • The average score is 12 of 32
Answer Stats
Roman name French name % Correct
Massilia Marseille
93%
Nicaea Nice
88%
Tolosa Toulouse
87%
Lugdunum Lyon
79%
Lutetia Paris
78%
Narbo Martius Narbonne
62%
Burdigala Bordeaux
61%
Valentia Valence
53%
Arelate Arlès
51%
Nemausus Nîmes
43%
Antipolis Antibes
39%
Aquae Sextiae Aix-en-Provence
32%
Argentoratum Strasbourg
32%
Condate Riedonum Rennes
30%
Divio Dijon
26%
Julia Carcaso Carcassonne
25%
Rotomagus Rouen
24%
Avenio Avignon
22%
Vesontio Besançon
21%
Divodurum Mediomatricorum Metz
20%
Arausio Orange
20%
Durocortorum Reims
20%
Gratianopolis Grenoble
18%
Augusta Suessionum Soissons
18%
Avaricum Bourges
17%
Samarobriva Amiens
16%
Forum Julii Fréjus
16%
Mediolanum Santonum Saintes
16%
Cenabum Orléans
14%
Condevicnum Nantes
12%
Aquae Calidae Vichy
9%
Augustoritum Limoges
8%
No matching quizzes found
Score Distribution
Percent of People with Each Score
Percentile by Number Answered
Your Score History
You have not taken this quiz